Ocho años de alcaldía / Luis Ma Udina
Publicado:
San Jorge, núm. 76 (4t trimestre 1969), pàg 63 :
MARC
| LEADER | 00000nam a2200000Ia 4500 | ||
|---|---|---|---|
| 001 | |||
| 008 | 160829s9999 xx 000 0 cat d | ||
| 100 | 1 | |a Udina Castell, Lluís Maria, |d 1938-2010 |9 21618 | |
| 245 | |a Ocho años de alcaldía / Luis Ma Udina | ||
| 260 | |a San Jorge, núm. 76 (4t trimestre 1969), pàg 63 | ||
| 650 | |a Melo García, Luis |9 40431 | ||
| 650 | 0 | |a Homenatges |9 21383 | |
| 650 | |a Alcaldes |x Vilafranca del Penedès |9 40432 | ||
| 901 | |a Arxiu | ||
| 942 | |n 1 | ||
| 952 | |0 0 |1 0 |4 0 |7 1 |9 49694 |a Arxiu |b Arxiu |d 2016-12-01 |l 0 |r 2016-12-01 00:00:00 |w 2016-12-01 |y ARXIU | ||
| 999 | |c 53536 |d 53536 | ||